Cities Chain - South America - Statistics

General Stats
  • This quiz has been taken 21 times
  • The average score is 3 of 16
Answer Stats
Country City % Correct
Paraguay (starts with an A) Asuncion
100%
Brazil Salvador
50%
Brazil Rio De Janeiro
45%
Peru Arequipa
40%
Chile Antofagasta
15%
Brazil Aracaju
5%
Ecuador Esmeraldas
5%
Brazil Abaetetuba
0%
Venezuela Acarigua
0%
Ecuador Ambato
0%
Colombia Ibague
0%
Colombia Neiva
0%
Brazil Olinda
0%
Chile Osorno
0%
Brazil Ouricuri
0%
Brazil Uruguaiana
0%
No matching quizzes found
Score Distribution
Percent of People with Each Score
Percentile by Number Answered
Your Score History
You have not taken this quiz